Selecciona las Banderas Mundiales - Estadísticas

Estadísticas generales
  • Esta prueba ha sido intentada 6.727 veces
  • La puntuación promedio es 88 de 125
Estadísticas de respuestas
Pregunta Azulejo Select % Correcto
de países con más de 100 millones de personas No
99%
de países con más de 100 millones de personas
98%
de países con más de 100 millones de personas No
98%
de países con más de 100 millones de personas No
98%
de países con más de 100 millones de personas No
97%
de países con más de 100 millones de personas
95%
de países con más de 100 millones de personas No
95%
de países con más de 100 millones de personas No
95%
de países con más de 100 millones de personas No
94%
de países con más de 100 millones de personas No
93%
de países con más de 100 millones de personas No
92%
de países con más de 100 millones de personas No
90%
de países con más de 100 millones de personas No
89%
de países con más de 100 millones de personas No
87%
de países con más de 100 millones de personas No
86%
de países con más de 100 millones de personas No
84%
de países con más de 100 millones de personas
84%
de países con 8 o más fronteras terrestres No
84%
de países con 8 o más fronteras terrestres No
83%
de países con 8 o más fronteras terrestres No
83%
de países con 8 o más fronteras terrestres No
83%
de países con 8 o más fronteras terrestres No
83%
de naciones isleñas No
83%
de países con más de 100 millones de personas No
82%
de países con 8 o más fronteras terrestres No
82%
de países con 8 o más fronteras terrestres No
82%
de países con 8 o más fronteras terrestres No
82%
de naciones isleñas No
82%
de naciones isleñas No
82%
de naciones isleñas No
82%
de naciones isleñas No
82%
de naciones isleñas No
82%
de naciones isleñas No
82%
de naciones isleñas No
82%
de naciones isleñas No
82%
de naciones isleñas No
82%
de naciones isleñas No
82%
de naciones isleñas No
82%
de naciones isleñas No
82%
de naciones isleñas No
82%
de naciones isleñas No
82%
de países con 8 o más fronteras terrestres No
81%
de países con 8 o más fronteras terrestres No
81%
de países con 8 o más fronteras terrestres No
81%
de naciones isleñas No
81%
de naciones isleñas No
81%
de países con más de 100 millones de personas
80%
de países con 8 o más fronteras terrestres No
80%
de países con 8 o más fronteras terrestres No
80%
de naciones isleñas No
80%
de países con más de 100 millones de personas No
79%
de países con más de 100 millones de personas
78%
de países con 8 o más fronteras terrestres No
78%
de países que tocan el Atlántico (incluyendo los mares conectados) No
78%
de países que tocan el Atlántico (incluyendo los mares conectados) No
77%
de países que tocan el Atlántico (incluyendo los mares conectados) No
77%
de países que tocan el Atlántico (incluyendo los mares conectados) No
77%
de países que tocan el Atlántico (incluyendo los mares conectados) No
77%
de países con tierra al sur del ecuador (excluyendo territorios dependientes) No
77%
de países con tierra al sur del ecuador (excluyendo territorios dependientes) No
77%
de países con tierra al sur del ecuador (excluyendo territorios dependientes) No
77%
de países con tierra al sur del ecuador (excluyendo territorios dependientes) No
77%
de países con 8 o más fronteras terrestres No
75%
de naciones isleñas
75%
de países que tocan el Atlántico (incluyendo los mares conectados)
75%
de países que tocan el Atlántico (incluyendo los mares conectados) No
75%
de países con tierra al sur del ecuador (excluyendo territorios dependientes) No
75%
de países con tierra al sur del ecuador (excluyendo territorios dependientes) No
75%
de países con tierra al sur del ecuador (excluyendo territorios dependientes) No
75%
de países con tierra al sur del ecuador (excluyendo territorios dependientes) No
75%
de países con tierra al sur del ecuador (excluyendo territorios dependientes) No
75%
de países que tocan el Atlántico (incluyendo los mares conectados) No
74%
de países con tierra al sur del ecuador (excluyendo territorios dependientes) No
74%
de países con tierra al sur del ecuador (excluyendo territorios dependientes) No
73%
de países con tierra al sur del ecuador (excluyendo territorios dependientes) No
73%
de países con tierra al sur del ecuador (excluyendo territorios dependientes) No
73%
de países con más de 100 millones de personas
72%
de países con 8 o más fronteras terrestres No
72%
de naciones isleñas
71%
de países con tierra al sur del ecuador (excluyendo territorios dependientes) No
71%
de naciones isleñas No
70%
de naciones isleñas
70%
de naciones isleñas
70%
de países que tocan el Atlántico (incluyendo los mares conectados)
70%
de países con 8 o más fronteras terrestres
69%
de países con tierra al sur del ecuador (excluyendo territorios dependientes)
69%
de naciones isleñas
68%
de países que tocan el Atlántico (incluyendo los mares conectados)
68%
de países que tocan el Atlántico (incluyendo los mares conectados)
67%
de países que tocan el Atlántico (incluyendo los mares conectados)
66%
de países que tocan el Atlántico (incluyendo los mares conectados)
66%
de países con 8 o más fronteras terrestres No
65%
de países que tocan el Atlántico (incluyendo los mares conectados)
65%
de países con 8 o más fronteras terrestres
64%
de países con tierra al sur del ecuador (excluyendo territorios dependientes)
64%
de países con tierra al sur del ecuador (excluyendo territorios dependientes)
63%
de países con tierra al sur del ecuador (excluyendo territorios dependientes)
62%
de países con más de 100 millones de personas
61%
de países que tocan el Atlántico (incluyendo los mares conectados)
61%
de países con tierra al sur del ecuador (excluyendo territorios dependientes) No
58%
de países con tierra al sur del ecuador (excluyendo territorios dependientes) No
57%
de países con 8 o más fronteras terrestres No
54%
de países con más de 100 millones de personas
53%
de países con 8 o más fronteras terrestres
53%
de países con tierra al sur del ecuador (excluyendo territorios dependientes) No
52%
de países que tocan el Atlántico (incluyendo los mares conectados)
51%
de naciones isleñas
49%
de países que tocan el Atlántico (incluyendo los mares conectados)
49%
de países que tocan el Atlántico (incluyendo los mares conectados)
49%
de países con 8 o más fronteras terrestres
47%
de países con 8 o más fronteras terrestres
41%
de países que tocan el Atlántico (incluyendo los mares conectados)
41%
de países que tocan el Atlántico (incluyendo los mares conectados)
41%
de países con tierra al sur del ecuador (excluyendo territorios dependientes)
41%
de países con tierra al sur del ecuador (excluyendo territorios dependientes)
39%
de países con más de 100 millones de personas
38%
de países que tocan el Atlántico (incluyendo los mares conectados)
37%
de países con tierra al sur del ecuador (excluyendo territorios dependientes)
35%
de países que tocan el Atlántico (incluyendo los mares conectados)
33%
de países que tocan el Atlántico (incluyendo los mares conectados)
30%
de países que tocan el Atlántico (incluyendo los mares conectados)
29%
de países que tocan el Atlántico (incluyendo los mares conectados)
27%
de países con 8 o más fronteras terrestres
21%
de países con 8 o más fronteras terrestres
15%
de países con tierra al sur del ecuador (excluyendo territorios dependientes)
10%
No se encontraron pruebas coincidentes
Distribución de puntuación
Porcentaje de gente con cada puntuación
Porcentaje por número respondido
Historial de tus puntuaciones
No has intentado esta prueba.